00346 2200145 4500245004000000020002200040250001000062100002000072005001900092260004100111041001400152084001100166300001400177336000900191 aIlmu JalanancRico TampenawashText a978-602-04-9807-2 aCet.8 aRico Tampenawas a20240926081618 aJakartabElex Media Komputindoc2021 aIndonesia a155.25 a209 hlm : atext